000 00709nam a2200253Ia 4500
003 OSt
005 20220918175043.0
006 a|||||r|||| 00| 0
007 ta
008 220917b |||||||| |||| 00| 0 eng d
024 _a15,427
037 _cTextual
040 _aARTS
_cARTS
_beng
041 _2eng
_aeng
082 _aO111:gM, N5
100 _aMcLaughlin Kevin
_952704
245 0 _aWriting in parts
_b Imitation and exchange in nineteenth-century literature
260 _aCalifornia
_bStanford Univ Press
_c1995
300 _a186p.
_ccm.
500 _aIndex
650 _aENGLISH LITERATURE
942 _hO111:gM, N5
_cTEXL
_2CC
999 _c155831
_d155831